<?xml version="1.0" encoding="UTF-8"?><?xml-stylesheet type="text/xsl" href="static/style.xsl"?><OAI-PMH xmlns="http://www.openarchives.org/OAI/2.0/" xmlns:xsi="http://www.w3.org/2001/XMLSchema-instance" xsi:schemaLocation="http://www.openarchives.org/OAI/2.0/ http://www.openarchives.org/OAI/2.0/OAI-PMH.xsd"><responseDate>2026-04-13T01:33:42Z</responseDate><request verb="GetRecord" identifier="oai:www.recercat.cat:10459.1/56726" metadataPrefix="marc">https://recercat.cat/oai/request</request><GetRecord><record><header><identifier>oai:recercat.cat:10459.1/56726</identifier><datestamp>2024-12-05T22:54:30Z</datestamp><setSpec>com_2072_3622</setSpec><setSpec>col_2072_479130</setSpec></header><metadata><record xmlns="http://www.loc.gov/MARC21/slim" xmlns:dcterms="http://purl.org/dc/terms/" xmlns:xsi="http://www.w3.org/2001/XMLSchema-instance" xmlns:doc="http://www.lyncode.com/xoai" xsi:schemaLocation="http://www.loc.gov/MARC21/slim http://www.loc.gov/standards/marcxml/schema/MARC21slim.xsd">
   <leader>00925njm 22002777a 4500</leader>
   <datafield ind2=" " ind1=" " tag="042">
      <subfield code="a">dc</subfield>
   </datafield>
   <datafield ind2=" " ind1=" " tag="720">
      <subfield code="a">Estrada Roca, M. Asunción</subfield>
      <subfield code="e">author</subfield>
   </datafield>
   <datafield ind2=" " ind1=" " tag="720">
      <subfield code="a">Bazán, Jorge</subfield>
      <subfield code="e">author</subfield>
   </datafield>
   <datafield ind2=" " ind1=" " tag="720">
      <subfield code="a">Aparicio, Ana</subfield>
      <subfield code="e">author</subfield>
   </datafield>
   <datafield ind2=" " ind1=" " tag="260">
      <subfield code="c">2016-03-16T13:13:08Z</subfield>
   </datafield>
   <datafield ind2=" " ind1=" " tag="260">
      <subfield code="c">2016-03-16T13:13:08Z</subfield>
   </datafield>
   <datafield ind2=" " ind1=" " tag="260">
      <subfield code="c">2013</subfield>
   </datafield>
   <datafield ind2=" " ind1=" " tag="520">
      <subfield code="a">En este estudio se analizan las principales características psicométricas de la escala de Actitudes hacia la Estadística (EAEE) propuesta por Estrada (2002), con una muestra de 288 profesores en ejercicio y formación, 140 de España y 148 de Perú. El análisis de ítems se realizó desde una perspectiva clásica y usando el modelo de escala de rating (Andrich, 1978). Los resultados indican que tres items no alcanzaron un comportamiento satisfactorio en los diferentes criterios considerados. La evaluación de la dimensionalidad y fiabilidad de la escala resultante, compuesta por 22 ítems, indica que la escala es fiable y presenta evidencias de multidimensionalidad.</subfield>
   </datafield>
   <datafield ind2=" " ind1=" " tag="520">
      <subfield code="a">In this study we analyze the main psychometric characteristics of the Attitudes Toward Statistics (EAEE) scale proposed by Estrada (2002) in a sample of 288 in-service or prospective teachers, 140 from Spain and 148 from Peru. The item analysis was made from a classical perspective and using the rating scale model (Andrich, 1978). The results suggest that three items did not achieve a satisfactory performance in the various criteria considered. The evaluation of the dimensionality and reliability of the resulting scale of 22 items indicate that the scale is reliable and presents evidence of multidimensionality.</subfield>
   </datafield>
   <datafield ind2=" " ind1=" " tag="520">
      <subfield code="a">Este trabajo forma parte del proyecto EDU2010-14947 (MICIIN- FEDER). También se agradece el Apoyo del Programa de Coordinación de&#xd;
Perfeccionamiento de Personal de Nivel Superior-CAPES (Brasil).</subfield>
   </datafield>
   <datafield ind1="8" ind2=" " tag="024">
      <subfield code="a">http://hdl.handle.net/10459.1/56726</subfield>
   </datafield>
   <datafield tag="653" ind2=" " ind1=" ">
      <subfield code="a">Escala</subfield>
   </datafield>
   <datafield tag="653" ind2=" " ind1=" ">
      <subfield code="a">Actitudes hacia la estadística</subfield>
   </datafield>
   <datafield tag="653" ind2=" " ind1=" ">
      <subfield code="a">Análisis de ítems</subfield>
   </datafield>
   <datafield tag="653" ind2=" " ind1=" ">
      <subfield code="a">Dimensionalidad</subfield>
   </datafield>
   <datafield tag="653" ind2=" " ind1=" ">
      <subfield code="a">Fiabilidad</subfield>
   </datafield>
   <datafield tag="653" ind2=" " ind1=" ">
      <subfield code="a">Estadística -- Ensenyament</subfield>
   </datafield>
   <datafield ind2="0" ind1="0" tag="245">
      <subfield code="a">Evaluación de las propiedades psicométricas de una escala de actitudes hacia la estadística en profesores</subfield>
   </datafield>
</record></metadata></record></GetRecord></OAI-PMH>